Statistiques concernant Pays du monde contenant un A

Cliquez ici pour prendre le quiz!

Statistiques générales

  • Ce quiz a été pris 1 066 fois
  • Le résultat moyen est 103 sur 137

Statistiques - réponses

Pays% Correct
France
97%
Algérie
93%
Australie
92%
Espagne
92%
Afghanistan
91%
Afrique du Sud
91%
Canada
91%
Argentine
90%
Islande
90%
Maroc
90%
Allemagne
89%
Andorre
89%
Arménie
89%
États-Unis
89%
Irlande
89%
Japon
89%
Arabie Saoudite
88%
Autriche
87%
Finlande
86%
Portugal
86%
Albanie
85%
Irak
85%
Iran
85%
Royaume-Uni
84%
Cuba
83%
Danemark
83%
Italie
83%
Angola
82%
Azerbaidjan
82%
Madagascar
82%
Pakistan
82%
Pays-Bas
82%
Croatie
81%
Kazakhstan
81%
Saint-Marin
81%
Vatican
81%
Venezuela
81%
Laos
80%
Panama
80%
Paraguay
80%
Roumanie
80%
Slovaquie
80%
Honduras
79%
Liban
79%
Qatar
79%
Guatemala
78%
Israel
78%
Lituanie
78%
Mali
78%
Monaco
78%
Soudan
78%
Tadjikistan
78%
Uruguay
78%
Costa Rica
77%
Guyana
77%
Malte
77%
Mauritanie
77%
Thailande
77%
Émirats Arabes Unis
76%
Jamaique
76%
Kenya
76%
Zambie
76%
Ghana
75%
Népal
75%
Nicaragua
75%
Bahamas
74%
Bulgarie
74%
Cambodge
74%
Macédoine du Nord
74%
Malaisie
74%
Namibie
74%
Soudan du Sud
74%
Ukraine
74%
Viet Nam
74%
Cameroun
73%
Jordanie
73%
Nigeria
73%
Nouvelle-Zélande
73%
Oman
73%
Sénégal
73%
Somalie
73%
Gabon
72%
Guinée équatoriale
72%
Haiti
72%
Kirghizistan
72%
Ouzbékistan
72%
Rwanda
72%
Suriname
72%
Tanzanie
72%
Turkménistan
72%
Équateur
71%
Zimbabwe
71%
Cap-Vert
70%
Gambie
70%
Moldavie
70%
Ouganda
70%
Salvador
70%
Tchad
70%
Bangladesh
69%
Barbade
69%
Guinée-Bissau
69%
Île Maurice
69%
République dominicaine
69%
Saint-Christophe-et-Niévès
69%
Sainte-Lucie
69%
Saint-Vincent-et-les-Grenadines
69%
Tonga
69%
Antigua-et-Barbuda
68%
Bahrein
68%
Birmanie
68%
Sri Lanka
68%
Liberia
67%
Malawi
67%
Maldives
67%
Samoa
67%
Taiwan
67%
Bhoutan
66%
Mozambique
66%
Palaos
66%
Papouasie-Nouvelle-Guinée
66%
Vanuatu
66%
Grenade
65%
Botswana
64%
Burkina Faso
64%
Îles Marshall
64%
République Centrafricaine
64%
Sao Tomé-et-Principe
64%
Singapour
64%
Sierra Leone
63%
Tuvalu
63%
Eswatini
62%
République démocratique du Congo
62%
Nauru
61%
Salomon
59%
Trinité-et-Tobago
53%
Kiribati
51%
Timor Oriental
50%

Distribution des résultats

Percentile par nombre de réponses

% des personnes avec chaque résultat

Votre développement - résultats

Vous n’avez pas pris ce quiz